Wood in architecture

Uloženo v:
Podrobná bibliografie
Hlavní autor: Monies, Finn (autor)
Médium: Kniha
Jazyk:angličtina
Vydáno: Nueva York McGraw-Hill 1961
Témata:
Tagy: Přidat tag
Žádné tagy, Buďte první, kdo vytvoří štítek k tomuto záznamu!

MARC

LEADER 00000nam a2200000 a 4500
001 UCV8732
003 CL-VaPUC
008 911129e19610000US |||||||||||||||||eng|d
082 0 4 |a 694  |b MON  |2 21 
100 |a Monies, Finn  |e autor  |9 302755 
245 1 0 |a Wood in architecture 
300 |a 113 p 
942 |c BK 
945 |d 19911129 00:00:00 
260 |a Nueva York  |b McGraw-Hill  |c 1961 
650 7 |a CONSTRUCCIONES DE MADERA  |2 CL-VaPUC  |9 302756 
650 0 |a Madera  |9 262357 
583 |a last modification  |c 19911129 00:00:00  |k Rodrigo Vera 
999 |c 214204  |d 214202 
952 |0 0  |1 0  |4 0  |6 694_000000000000000_MON_1961  |7 0  |8 A  |9 197358  |a BIBARQ  |b BIBARQ  |d 2019-11-14  |i 2650274  |o 694 MON 1961  |p 2650274  |r 2025-01-20  |w 2019-11-14  |y BK  |k ARQ